| 000 | 00678nam a2200265Ia 4500 | ||
|---|---|---|---|
| 001 | Para_4969 | ||
| 003 | CHAP | ||
| 008 | 220125s1936 xx 000 0 und d | ||
| 010 | _a203428 | ||
| 040 | _cCHAP | ||
| 090 | _aPA FOLLETO 2330 | ||
| 100 |
_aPrice, W. A. _991588 |
||
| 245 |
_aAphids / _c W. A. Price |
||
| 260 |
_aLexington : _b University of Kentucky |
||
| 300 | _a8 p. | ||
| 440 |
_aKentucky Agr. Exp. Sta. Circular; 45 _9169202 |
||
| 650 |
_aAfĂdidos _91031 |
||
| 901 | _aPA FOLLETO 2330 | ||
| 902 | _aA | ||
| 905 | _a0000001936 LEX 0000000000 00 | ||
| 910 | _a1936 | ||
| 942 | _cPARA | ||
| 942 |
_cPARA _d1 |
||
| 999 |
_c203428 _d203428 |
||